Josie Rowland v Environment Agency (Record no. 74035)

MARC details
000 -LEADER
fixed length control field 01398cab a2200253 4500
001 - CONTROL NUMBER
control field X124746
008 - FIXED-LENGTH DATA ELEMENTS--GENERAL INFORMATION
fixed length control field 040107n2003 000 0 eng u
035 ## - SYSTEM CONTROL NUMBER
System control number (Sirsi) u124746
245 ## - TITLE STATEMENT
Title Josie Rowland v Environment Agency
260 ## - PUBLICATION, DISTRIBUTION, ETC.
Date of publication, distribution, etc. 2003
490 ## - SERIES STATEMENT
Series statement Weekly Law Reports
Volume/sequential designation [2004] 3 WLR 249-304(56)
520 ## - SUMMARY, ETC.
Summary, etc. [2003] EWCA Civ 1885, 19 December 2003. Appeal against HC decision ([2002] EWCH 2785 (Ch), X121051) by appellant (R) which held that public navigation rights existed over a stretch of the River Thames known as Hedsor Water and that the defendant (E) was entitled to perform its statutory functions with respect to Hedsor Water. CA upheld HC decision but noted that in exercising its public functions in respect of Hedsor Water, E should take into account the common assumption prior to to November 2000 that it was private. Appeal dismissed.
590 ## - LOCAL NOTE (RLIN)
Local note ABS
650 ## - SUBJECT ADDED ENTRY--TOPICAL TERM
Topical term or geographic name entry element ROWLAND V ENVIRONMENT AGENCY
650 ## - SUBJECT ADDED ENTRY--TOPICAL TERM
Topical term or geographic name entry element RIPARIAN RIGHTS
650 ## - SUBJECT ADDED ENTRY--TOPICAL TERM
Topical term or geographic name entry element THAMES PRESERVATION ACT 1885
650 ## - SUBJECT ADDED ENTRY--TOPICAL TERM
Topical term or geographic name entry element HEDSOR WATER
650 ## - SUBJECT ADDED ENTRY--TOPICAL TERM
Topical term or geographic name entry element HUMAN RIGHTS ACT 1998
650 ## - SUBJECT ADDED ENTRY--TOPICAL TERM
Topical term or geographic name entry element PUBLIC RIGHT OF NAVIGATION
650 ## - SUBJECT ADDED ENTRY--TOPICAL TERM
Topical term or geographic name entry element RIVER THAMES
690 ## - LOCAL SUBJECT ADDED ENTRY--TOPICAL TERM (OCLC, RLIN)
Topical term or geographic name as entry element PROPERTY AND LAND LAW-CASE LAW
856 ## - ELECTRONIC LOCATION AND ACCESS
Uniform Resource Identifier <a href="https://www.bailii.org/cgi-bin/markup.cgi?doc=/ew/cases/EWCA/Civ/2003/1885.html&query=Josie+and+Rowland+and+v+and+Environment+and+Agency&method=boolean">https://www.bailii.org/cgi-bin/markup.cgi?doc=/ew/cases/EWCA/Civ/2003/1885.html&query=Josie+and+Rowland+and+v+and+Environment+and+Agency&method=boolean</a>
Public note View the case at www.bailii.org
942 ## - ADDED ENTRY ELEMENTS (KOHA)
Suppress in OPAC 0
Holdings
Withdrawn status Lost status Source of classification or shelving scheme Damaged status Not for loan Home library Current library Shelving location Date acquired Total Checkouts Full call number Barcode Date last seen Copy number Price effective from Koha item type
    Dewey Decimal Classification     London London Journal article 07/01/2004   X124746 124746-1001 06/08/2019 1 06/08/2019 Law report
    Dewey Decimal Classification     Virtual Virtual Online 07/01/2004   ONLINE PUBLICATION 124746-2001 06/08/2019 1 06/08/2019 Law report